000 03400nab a2200265 i 4500
003 BR-BrBNA
005 20250429152936.0
008 250429b2017 bl.qr|pooa||| 00| 0 por |
040 _aBR-BrBNA
_bpor
072 _aF70
100 _aViana, Simone Silva
100 _aSantos, João Ubiratan Moreira dos
100 _aSimões, André Olmos
245 _aDiversidade taxonômica de Apocynaceae na ilha do Marajó, PA, Brasil
500 _aPublicação on-line; Bibliography p. 650-651 (50 ref.); 7 illus.; Summaries (En, Pt)
520 _a Resumo Este trabalho apresenta um tratamento taxonômico das espécies de Apocynaceae ocorrentes na ilha do Marajó, PA. Foram analisados materiais dos herbários IAN, INPA, MG, R, RB, SP, SPF e UEC e realizadas três viagens de campo para coleta nos anos de 2011 e 2012. A família está representada por 33 espécies distribuídas em 21 gêneros, sendo seis gêneros com sete espécies pertencentes à subfamília Apocynoideae, cinco gêneros e 12 espécies à subfamília Asclepiadoideae e nove gêneros e 14 espécies à subfamília Rauvolfioideae. Prestonia annularis é registrada pela primeira vez para o Estado do Pará, enquanto Spongiosperma grandiflorum e Macoubea guianensis são novos registros para a ilha do Marajó. Forsteronia paludosa, até a realização deste trabalho, era conhecida apenas pela coleção tipo. São apresentadas chaves de identificação, descrições morfológicas, informações sobre fenologia e habitat, distribuição geográfica e comentários taxonômicos e ilustrações das espécies; dentre estas, Forsteronia paludosa e Macoubea guianensis são ilustradas pela primeira vez. Palavras-chave: Apocynoideae, Asclepiadoideae, Rauvolfioideae, taxonomia. Abstract This work presents a taxonomic treatment of species of Apocynaceae occurring in Marajó Island. We analyzed materials from the herbaria IAN, INPA, MG, R, RB, SP, SPF e UEC, as well as specimens collected in three field trips made in July 2011, November 2011 and February 2012. The family is represented in the studied area by 33 species belonging to 21 genera, as follows: six genera with seven species belonging to subfamily Apocynoideae, five genera and 12 species belonging to subfamily Asclepiadoideae, and nine genera with 14 species from subfamily Rauvolfioideae. Prestonia annularis is registered for the state of Pará for the first time, while Spongiosperma grandiflorum and Macoubea guianensis are new records for the Marajó Island. Up to this work, Forsteronia paludosa was known only by the type collection. We provide identification keys, morphological descriptions, phenology and habitat information, geographical distribution, taxonomic comments and illustrations of the species. Forsteronia paludosa and Macoubea guianensis are here illustrated for the first time. Key words: Apocynoideae, Asclepiadoideae, Rauvolfioideae, taxonomy.
650 _aTAXONOMIA
650 _aESPÉCIE
650 _aCOMPOSIÇÃO BOTÂNICA
650 _aAPOCYNACEAE
773 0 _0709
_9349998
_dRio de Janeiro-RJ Jardim Botanico do Rio de Janeiro 1935
_o2025-2520
_tRodriguésia (Brazil)
_x0370-6583; 2175-7860 on-line
_gv. 68(2) p. 623-652; (2017)
_wBR2025000801
856 _uhttps://www.scielo.br/j/rod/a/hs8jJpwgcDJYhJV34wVZPKJ/?format=pdf&lang=pt
942 _cANA
999 _c331267
_d331267